Welcome to CU Library Online Public Access Catalogue (OPAC)

RESURRECTION AND MORAL ORDER (Record no. 7319)

MARC details
000 -LEADER
fixed length control field 00454nam a22001577a 4500
005 - DATE AND TIME OF LATEST TRANSACTION
control field 20250821131547.0
008 - FIXED-LENGTH DATA ELEMENTS--GENERAL INFORMATION
fixed length control field 250821b |||||||| |||| 00| 0 eng d
020 ## - INTERNATIONAL STANDARD BOOK NUMBER
International Standard Book Number 9780802806925
050 ## - LIBRARY OF CONGRESS CALL NUMBER
Classification number BJ 1251
Item number O'DO
100 ## - MAIN ENTRY--PERSONAL NAME
Personal name OLIVER O'DONOVAN
245 ## - TITLE STATEMENT
Title RESURRECTION AND MORAL ORDER
Remainder of title An Outline for Evangelical Ethics
Statement of responsibility, etc. OLIVER O'ONOVAN
250 ## - EDITION STATEMENT
Edition statement Second Edition
260 ## - PUBLICATION, DISTRIBUTION, ETC.
Place of publication, distribution, etc. LEICESTER
Name of publisher, distributor, etc. APOLLOS
Date of publication, distribution, etc. c1994
300 ## - PHYSICAL DESCRIPTION
Extent xxi, 286p.;
942 ## - ADDED ENTRY ELEMENTS (KOHA)
Source of classification or shelving scheme Library of Congress Classification
Koha item type Books
Suppress in OPAC No
999 ## -
-- 7319
-- 7319
Holdings
Withdrawn status Lost status Source of classification or shelving scheme Damaged status Not for loan Collection Home library Current library Shelving location Date acquired Total checkouts Full call number Barcode Date last seen Copy number Price effective from Koha item type
    Library of Congress Classification     Non-fiction Undergraduate Library (Christ Temple) Undergraduate Library (Christ Temple) General stacks 08/21/2025   BJ 1251 O'DO ulct00004401 08/21/2025 1 08/21/2025 Books
© 2023-2024 Copyright: Central University Libraries. All Rights Reserved | Created by: Mahone Tech Office